000 00741nam a2200217Ia 4500
003 OSt
005 20220926021521.0
006 a|||||r|||| 00| 0
007 ta
008 220923b |||||||| |||| 00| 0 eng d
037 _cGeneral Book
040 _aRTL
_cRTL
_beng
041 _2eng
_aeng
082 _aX:16-77.1-1.N6, K9/UN
110 _aUNITED NATION RESEARCH INSTITUTE FOR SOCIAL DEVELOPMENT.
_9326338
245 0 _aLevels of living and economic growth
_bComparative study of six countries,1950-65.
260 _aNew York
_bUnited Nation
_c1969
700 _aUNITED NATION RESEARCH INSTITUTE FOR SOCIAL DEVELOPMENT.
_9326339
942 _hX:16-77.1-1.N6, K9/UN
_cGB
_2CC
999 _c637000
_d637000